[Event "BL 2016-17"]
[Site "Germany"]
[Date "2017.03.19"]
[Round "10"]
[White "Iturrizaga Bonelli, Eduardo"]
[Black "Rabiega, Robert"]
[Result "1/2-1/2"]
[WhiteElo "2673"]
[BlackElo "2504"]
[Annotator "TA"]
[PlyCount "41"]
[EventDate "2017.??.??"]
[EventType "team-tourn"]
[EventCountry "GER"]
[SourceTitle "playchess.com"]
[Source "ChessBase"]
[SourceQuality "1"]
[WhiteTeam "Aufwärts Aachen"]
[BlackTeam "König Tegel"]

{[%evp 18,41,-17,-31,-35,-43,-31,-39,-36,-19,-31,-36,-27,-29,-35,-22,-18,-43,-5,-7,0,-14,0,-16,0,0]} 1. c4 e5 2. Nc3 Nf6 3. Nf3 Nc6 4. a3 g6 5. e3 Bg7 {A28: English Opening: Four Knights Variation} 6. Qc2 O-O 7. Be2 {[%cal Bf1e2,Be2c4,Bc4a2][%mdl 32]} d5 8. cxd5 Nxd5 9. h4 $146 (9. O-O a5 10. d3 Nce7 11. Rd1 Re8 12. e4 Nb6 13. d4 exd4 {1-0 (36) Bauer,C (2633)-Cornette,M (2592) Nancy 2013}) 9... h6 10. Bc4 {LiveBook: 19 Games} Nce7 11. Ba2 c6 12. d3 b6 13. e4 Nc7 14. Be3 Be6 15. Ne2 {[%cal Bc3e2,Be2d4,Bd4e6][%mdl 32]} Bxa2 16. Rxa2 Qd7 17. b4 Rad8 18. d4 {The position is equal.} exd4 19. Bxd4 Bxd4 20. Nexd4 Ne6 21. Nxe6 1/2-1/2

[Event "BL 2016-17"]
[Site "Germany"]
[Date "2017.03.19"]
[Round "10"]
[White "Fressinet, Laurent"]
[Black "Feller, Sebastien"]
[Result "1/2-1/2"]
[WhiteElo "2662"]
[BlackElo "2574"]
[Annotator "TA"]
[PlyCount "60"]
[EventDate "2017.??.??"]
[EventType "team-tourn"]
[EventCountry "GER"]
[SourceTitle "playchess.com"]
[Source "ChessBase"]
[SourceQuality "1"]
[WhiteTeam "Werder Bremen"]
[BlackTeam "Speyer-Schwegenheim"]

{[%evp 18,60,31,14,14,16,28,15,16,6,11,0,25,22,35,36,43,55,47,45,64,60,41,50,60,45,82,80,97,32,41,38,44,33,48,-8,-7,-4,-20,-19,0,-8,0,0,-7]} 1. d4 Nf6 2. Nf3 g6 3. c4 Bg7 4. g3 O-O 5. Bg2 c6 6. O-O d5 7. b3 a5 8. Nc3 Ne4 9. Bb2 Bf5 10. e3 Nxc3 {D78: Fianchetto Grünfeld: 6 0-0 c6} 11. Bxc3 Be4 12. Qe2 e6 13. Rfc1 (13. Rfd1 Nd7 14. Bf1 g5 15. Rac1 Bxf3 16. Qxf3 f5 17. Bd3 Nf6 18. cxd5 cxd5 {½-½ (29) Jakovenko,D (2709)-Ding,L (2760) Sharjah 2017}) 13... Nd7 14. Bf1 Bxf3 15. Qxf3 f5 16. cxd5 exd5 17. b4 axb4 18. Bxb4 Rf7 $146 19. a4 $1 Nf6 20. a5 Qe8 21. Qe2 h5 22. a6 h4 23. Be1 (23. Qc2 $16) 23... hxg3 24. hxg3 Ne4 $1 25. Qc2 c5 $1 26. axb7 (26. Qb3 $14 c4 27. Qb6 (27. axb7 Rb8 28. Qa2 Rfxb7 $11)) 26... Rxa1 $11 {The position is equal.} 27. Rxa1 Rxb7 28. Qa2 c4 29. Qa5 Qd7 30. Bg2 Kh7 1/2-1/2

[Event "BL 2016-17"]
[Site "Germany"]
[Date "2017.03.19"]
[Round "10"]
[White "Van Kampen, Robin"]
[Black "Jarmula, Lukasz"]
[Result "1-0"]
[WhiteElo "2647"]
[BlackElo "2473"]
[Annotator "TA"]
[PlyCount "41"]
[EventDate "2017.??.??"]
[EventType "team-tourn"]
[EventCountry "GER"]
[SourceTitle "playchess.com"]
[Source "ChessBase"]
[SourceQuality "1"]
[WhiteTeam "Solingen"]
[BlackTeam "Griesheim"]

{[%evp 13,41,15,15,12,16,15,27,11,38,36,38,21,43,29,106,102,147,151,158,158,251,251,289,289,284,259,264,275,722,738]} 1. c4 e5 2. g3 Nf6 3. Bg2 h6 4. Nc3 Bb4 {A20: English Opening: 1...e5} 5. d3 Bxc3+ 6. bxc3 O-O 7. e4 d6 {LiveBook: 3 Games} 8. Ne2 a6 9. a4 Nbd7 10. O-O Nc5 11. f4 $146 (11. h3 Bd7 12. f4 {0-1 (31) Grischuk,A (2771)-Eljanov,P (2742) Moscow 2010}) 11... b6 12. h3 Bb7 13. g4 Qd7 (13... a5 $11) 14. Ng3 $16 Bc6 {[%cal Rc6a4]} 15. fxe5 $1 dxe5 {[%cal Rc6a4]} 16. Rxf6 $1 {Threatens to win with Nh5.} gxf6 {[#]} (16... Bxa4 $16 17. Qf1 (17. Rxa4 Qxa4 18. Qxa4 Nxa4 $11) 17... Bc2) 17. d4 $1 $18 exd4 (17... Bxa4 $2 18. Qd2 f5 19. Qxh6 $18 (19. dxc5 f4 $16)) 18. cxd4 Nb3 (18... Bxa4 19. Qd2 Ne6 20. Nf5 Nxd4 21. Qxd4 (21. Nxd4 Rad8 $16) 21... Qxd4+ 22. Nxd4 $18) 19. Qxb3 Qxd4+ 20. Kh2 Qxa1 $2 {[#]} (20... Rad8) 21. Bb2 $1 1-0

[Event "BL 2016-17"]
[Site "Jenbach"]
[Date "2017.04.21"]
[Round "10"]
[White "Lenic, Luka"]
[Black "Ragger, Markus"]
[Result "1/2-1/2"]
[WhiteElo "2640"]
[BlackElo "2681"]
[Annotator "TA"]
[PlyCount "60"]
[EventDate "2017.??.??"]
[EventCountry "AUT"]
[SourceTitle "playchess.com"]
[Source "ChessBase"]
[SourceQuality "1"]
[WhiteTeam "Feffernitz"]
[BlackTeam "Maria Saal"]

{[%evp 36,60,22,21,35,37,29,29,21,25,39,30,32,32,21,26,26,20,25,25,20,21,16,0,20,14,25]} 1. e4 c6 2. d4 d5 3. Nc3 dxe4 4. Nxe4 Bf5 5. Ng3 Bg6 6. h4 h6 7. Nf3 Nd7 8. h5 Bh7 9. Bd3 Bxd3 10. Qxd3 e6 11. Bd2 Ngf6 12. O-O-O Be7 13. Kb1 O-O 14. Ne4 Nxe4 {B19: Classical Caro-Kann: 4...Bf5 main line} 15. Qxe4 Nf6 16. Qe2 Qd5 17. Ne5 (17. Be3 Qb5 18. c4 Qf5+ 19. Ka1 Ng4 20. Bc1 Rad8 21. Nh4 Bxh4 22. Rxh4 {1-0 (42) Fier,A (2562)-Akopian,V (2675) Dubai 2017}) 17... Qe4 18. Qxe4 Nxe4 19. Be3 {LiveBook: 40 Games} Rfd8 20. g4 c5 21. f3 cxd4 22. Bxd4 Bc5 $146 23. Bxc5 Nxc5 24. c3 Kf8 25. Kc2 Ke7 26. b4 Nd7 27. Rxd7+ Rxd7 28. Nxd7 {The position is equal.} Kxd7 29. Rd1+ Kc7 30. c4 b6 1/2-1/2

[Event "BL 2016-17"]
[Site "Germany"]
[Date "2017.03.19"]
[Round "10"]
[White "Bartel, Mateusz"]
[Black "Dragnev, Valentin"]
[Result "1-0"]
[WhiteElo "2638"]
[BlackElo "2502"]
[Annotator "TA"]
[PlyCount "97"]
[EventDate "2017.??.??"]
[EventType "team-tourn"]
[EventCountry "GER"]
[SourceTitle "playchess.com"]
[Source "ChessBase"]
[SourceQuality "1"]
[WhiteTeam "TU Dresden"]
[BlackTeam "Bayern München"]

{[%evp 31,97,4,10,-1,10,22,26,12,27,11,146,154,155,165,169,153,143,190,170,128,153,150,247,255,242,238,236,220,257,235,233,248,460,194,266,264,256,250,256,259,237,248,275,275,294,292,320,265,319,260,321,320,320,289,277,272,404,391,506,510,774,781,786,786,775,707,727,695]} 1. e4 e5 2. Nf3 Nc6 3. Bb5 a6 4. Ba4 Nf6 5. O-O Be7 6. Re1 b5 7. Bb3 d6 8. c3 O-O 9. h3 Re8 10. d4 Bb7 11. Nbd2 {[%cal Bb1d2,Bd2f1,Bf1g3][%mdl 32]} Bf8 12. d5 Nb8 {[%cal Bc6b8,Bb8d7,Bd7c5][%mdl 32]} 13. Nf1 Nbd7 14. Ng3 h6 15. Nh2 Nc5 {C92: Closed Ruy Lopez: 9...Be6, Karpov and Flohr-Zaitsev Variations} 16. Bc2 c6 {[%cal Rc6d5] LiveBook: 15 Games} 17. Ng4 Nxg4 {The position is equal.} (17... cxd5 18. Nxf6+ Qxf6 19. exd5 g6 20. Be3 Qh4 21. a4 Nxa4 22. Bxa4 bxa4 23. Rxa4 {0-1 (54) Pruijssers,R (2511)-Almasi,Z (2695) Germany 2015}) 18. hxg4 g6 19. Be3 $146 (19. b4 Nd7 20. dxc6 Bxc6 21. Bb3 Nb6 22. Be3 Nc4 {½-½ (22) Cremasco,G (2461)-Jandek,S (2458) ICCF email 2008}) 19... Qh4 20. Nf1 Bc8 (20... a5 $11) 21. b4 $1 $16 {[%cal Rb4c5]} Na4 22. Bxa4 (22. dxc6 Bxg4 23. f3 Be6 $16) 22... bxa4 23. Qxa4 Qd8 24. dxc6 Be6 25. Bd2 d5 26. Rad1 $1 (26. exd5 $6 Qxd5 27. g5 hxg5 $16) 26... Qc7 {[#]} (26... d4 $16 {was necessary.} 27. cxd4 exd4) 27. Bxh6 $1 $18 Bxh6 28. exd5 {[%cal Be4d5,Bd5d6][%mdl 32]} Bxg4 {[#]} 29. d6 $1 {[%cal Rd6c7]} Bxd1 30. Rxd1 Qb6 31. c7 Re6 $2 ({But not} 31... Qb5 32. Qxb5 axb5 33. d7 $18) (31... Rec8 32. d7 Qxc7 33. dxc8=N (33. dxc8=B Qxc8 34. Qb3 Qc6 $16) 33... Qxc8) 32. Qd7 (32. Qa5 $142 Qxa5 33. bxa5) 32... Bf8 (32... Kg7 {keeps fighting.} 33. c4 e4) 33. c8=Q Rxc8 34. Qxc8 Rxd6 35. Rxd6 Qxd6 36. a4 {[%cal Ba2a4,Ba4a5][%mdl 32]} Kg7 37. Qc4 Be7 38. a5 Bg5 39. Qg4 Bc1 40. Qe2 Kf8 41. g3 Kg7 42. Qc2 Bg5 43. Qe4 Qc7 (43... Bc1 $142 44. Qb7 Ba3) 44. c4 {[%cal Bc3c4,Bc4b5][%mdl 32]} Bc1 45. b5 {White is clearly winning.} axb5 (45... Qxa5 $142 46. Qxe5+ Kg8 47. Qb8+ Kg7) 46. a6 Ba3 47. Qb7 Qxb7 48. axb7 Bd6 49. cxb5 ({Inferior is} 49. c5 Bb8 $11) 1-0

[Event "BL 2016-17"]
[Site "Germany"]
[Date "2017.03.19"]
[Round "10"]
[White "Balogh, Csaba"]
[Black "Dinstuhl, Volkmar"]
[Result "1-0"]
[WhiteElo "2632"]
[BlackElo "2397"]
[Annotator "TA"]
[PlyCount "105"]
[EventDate "2017.??.??"]
[EventType "team-tourn"]
[EventCountry "GER"]
[SourceTitle "playchess.com"]
[Source "ChessBase"]
[SourceQuality "1"]
[WhiteTeam "Hockenheim"]
[BlackTeam "Mülheim Nord"]

{[%evp 11,105,26,29,7,7,7,7,7,8,0,0,8,9,0,0,0,0,0,7,11,6,6,16,6,10,-2,0,0,0,0,0,0,0,-9,0,0,0,0,8,-37,0,-9,0,0,23,17,36,13,18,4,7,0,38,24,36,33,32,33,47,33,41,40,105,94,154,134,217,304,570,576,552,561,560,512,528,435,493,410,529,487,1077,998,768,644,545,507,427,435,1133,1106,12797,11832,12825,7316,29967,29961]} 1. e4 g6 2. d4 Bg7 3. Nc3 d6 4. Bg5 a6 5. a4 {B06: Modern Defence} Nc6 6. Nge2 Nf6 {LiveBook: 3 Games} 7. Qd2 {White has an edge.} h6 8. Bf4 $146 (8. Bh4 O-O 9. f3 Bd7 10. g4 b5 11. g5 hxg5 12. Bxg5 bxa4 {0-1 (20) Lazov,T (2139)-Ivanisevic,I (2662) Skopje 2015}) 8... e5 9. dxe5 dxe5 10. Qxd8+ Kxd8 11. O-O-O+ Bd7 12. Bd2 Kc8 13. f3 Rd8 14. Be3 Be6 15. Rxd8+ Kxd8 16. g3 Ke8 17. Bg2 Rd8 18. Rd1 (18. Re1 $5 {is interesting.} h5 19. h3 Nd4 20. Kb1 Nxe2 21. Nxe2 Bf8 22. Nc1) 18... Rxd1+ 19. Nxd1 Bf8 20. Nf2 Nd7 21. Nd3 h5 22. f4 Bc4 23. Bh3 Kd8 24. Kd2 Bxd3 25. cxd3 Bc5 26. Nc3 Bxe3+ 27. Kxe3 $11 {[%mdl 4096] Endgame KBN-KNN} Nf6 28. Ne2 b6 29. b3 Ke7 30. Bc8 a5 31. h3 Nd7 32. fxe5 Ncxe5 33. d4 {Threatens to win with Bb7.} Nc6 34. e5 Nb4 35. Ke4 c6 36. Nf4 Nf8 ({Better is} 36... b5 $14) 37. h4 $16 Na2 (37... Ke8 $142) 38. d5 $1 Nc3+ (38... Kd8 $16 {was called for.} 39. e6 cxd5+ 40. Kxd5 fxe6+ 41. Bxe6 (41. Nxe6+ Nxe6 42. Bxe6 Ke7 $18) 41... Nxe6 42. Nxe6+ (42. Kxe6 Nc1 $16) 42... Ke7) 39. Kd4 $18 Nxd5 $2 (39... Kd8 {was worth a try.} 40. Bh3 (40. Kxc3 Kxc8 41. Kd4 cxd5 $11) 40... Nxd5) 40. Nxd5+ cxd5 41. Kxd5 {KB-KN} Nd7 42. Ba6 Nc5 43. Bc4 Kd7 {[#]} 44. Bb5+ $1 Ke7 45. Kc6 Nxb3 (45... Nd7 $142 46. Kc7 Nc5) 46. Kxb6 f6 47. Bc4 Nd2 48. Bd3 fxe5 {aiming for ...e4.} 49. Bxg6 Nf1 (49... Nb3 $142 50. Kb5 (50. Bxh5 e4 51. Kb5 Kd6 $18) 50... Kf6 51. Bxh5 e4) 50. Kxa5 ({Not} 50. Bxh5 Nxg3 51. Bf3 e4 $16) 50... Nxg3 {[#]} 51. Kb6 $1 e4 52. a5 e3 53. Bd3 1-0

[Event "BL 2016-17"]
[Site "Jenbach"]
[Date "2017.04.21"]
[Round "10"]
[White "Melkumyan, Hrant"]
[Black "Banusz, Tamas"]
[Result "1/2-1/2"]
[WhiteElo "2627"]
[BlackElo "2609"]
[Annotator "TA"]
[PlyCount "107"]
[EventDate "2017.??.??"]
[EventCountry "AUT"]
[SourceTitle "playchess.com"]
[Source "ChessBase"]
[SourceQuality "1"]
[WhiteTeam "Wulkaprodersdorf"]
[BlackTeam "Wien-SK Ottakring"]

{[%evp 18,107,8,21,32,19,28,26,18,16,23,19,20,23,28,23,37,30,36,30,50,30,52,33,38,41,34,7,17,6,6,0,6,6,9,5,13,5,12,0,6,9,43,14,17,7,8,0,17,8,10,0,14,20,12,0,0,0,2,0,0,0,0,0,0,0,0,0,0,0,0,-8,0,-3,-2,-1,0,-35,-28,-25,0,0,0,0,0,0,0,0,0,0,0,0]} 1. d4 d5 2. c4 c6 3. Nf3 Nf6 4. Nc3 dxc4 5. a4 Bf5 6. Ne5 Nbd7 7. Nxc4 Nb6 8. Ne5 a5 9. e3 {D17: Slav Defence: 5 a4 Bf5: Lines with 6 Nh4 and 6 Ne5} (9. h4 g6 10. h5 gxh5 11. e4 Bg6 12. Be3 e6 13. Bd3 Nbd7 14. Nxd7 Qxd7 15. f3 Bg7 16. Qd2 O-O {1-0 (60) Aronian,L (2792)-Anand,V (2770) Leuven 2016}) 9... Nbd7 10. Nc4 {LiveBook: 14 Games} Qb8 11. Qf3 $146 {White is slightly better.} (11. Bd3 Bxd3 12. Qxd3 e5 13. O-O Bb4 14. Qf5 exd4 15. exd4 O-O 16. Bf4 Qd8 {½-½ (107) Cheparinov,I (2681)-Oleksienko,M (2618) Reykjavik 2014}) 11... Bg6 12. Qg3 Qxg3 13. hxg3 Nd5 14. Nxd5 cxd5 15. Ne5 Nxe5 16. dxe5 Bf5 17. Bd2 Bd7 18. Bd3 e6 19. Ke2 ({Much worse is} 19. Rxh7 Rxh7 20. Bxh7 g6 $15) 19... Bc6 20. Bc3 ({Reject} 20. Rxh7 Rxh7 21. Bxh7 g6 $15) ({Don't play} 20. Bxh7 g6 $11) 20... h6 21. g4 Be7 22. Rhd1 Bc5 23. Bb5 Ke7 24. Rdc1 Rhc8 25. Bd3 b6 26. f4 Bb7 27. Rc2 Kd7 28. Rac1 Bc6 29. b3 Ke7 30. Be1 Bb7 31. Bb5 Bc6 32. Bd3 Bb7 33. Kf3 Ba6 34. Bh4+ Ke8 35. Bxa6 Rxa6 36. e4 dxe4+ $1 37. Kxe4 Ra7 38. Rd1 Rd7 39. Rxd7 (39. Rdd2 $5 {looks sharper.} Rxd2 40. Rxd2 Be7 41. Bf2 Bc5 42. Rc2) 39... Kxd7 $11 {[%mdl 4096] Endgame KRB-KRB} 40. Rd2+ Kc6 41. f5 Rb8 42. Be1 Bb4 43. Rd1 {Black must now prevent Bxb4.} Bxe1 {KRB-KR} 44. Rc1+ Kd7 {[#] Threatens to win with ...Bb4.} 45. Rxe1 {KR-KR} b5 46. Rd1+ Ke7 47. Rd4 bxa4 48. Rxa4 Rxb3 49. Rxa5 {The position is equal.} Rg3 50. Ra7+ Kf8 51. Ra8+ Ke7 52. Ra7+ Kf8 53. Ra8+ Ke7 54. Ra7+ 1/2-1/2

[Event "BL 2016-17"]
[Site "Germany"]
[Date "2017.03.19"]
[Round "10"]
[White "Melkumyan, Hrant"]
[Black "Erdos, Viktor"]
[Result "0-1"]
[WhiteElo "2627"]
[BlackElo "2597"]
[Annotator "TA"]
[PlyCount "94"]
[EventDate "2017.??.??"]
[EventType "team-tourn"]
[EventCountry "GER"]
[SourceTitle "playchess.com"]
[Source "ChessBase"]
[SourceQuality "1"]
[WhiteTeam "SF Berlin"]
[BlackTeam "SG Trier"]

{[%evp 8,94,32,20,54,36,43,46,69,45,57,36,38,28,40,25,39,40,44,46,105,64,47,53,75,63,111,79,111,65,109,87,94,85,91,36,50,50,54,45,51,52,50,20,20,0,0,0,0,0,0,0,0,0,0,-48,-54,-226,-227,-271,-187,-225,-213,-319,-278,-297,-292,-306,-303,-288,-220,-326,-286,-311,-313,-284,-281,-372,-360,-409,-377,-29961,-29961,-29962,-29963,-29947,-12844,-29972,-29974]} 1. Nf3 d5 2. d4 c6 3. c4 e6 4. e3 Nd7 5. Bd3 f5 {D30: Queen's Gambit Declined: Systems without Nc3} 6. O-O Nh6 7. b3 {[%cal Bb2b3,Bb3b4][%mdl 32]} Qf6 {White is slightly better.} (7... Bd6 8. Ba3 Qe7 9. Bxd6 Qxd6 10. Nc3 O-O 11. Ne2 Rf6 12. Nf4 Nf7 {1-0 (41) Hammer,J (2682)-Guramishvili,S (2371) London 2015}) 8. a4 $146 (8. Bb2 $5 {seems wilder.} Bd6 9. Nc3 O-O 10. Qc2 b6 11. Ne2) (8. Qc2 Be7 9. Ba3 O-O 10. Bxe7 Qxe7 11. Qb2 b6 12. Nbd2 Bb7 13. b4 {1-0 (28) Serarols Mabras,B (2242)-Guerra Rivera,S (2389) Caleta 2017}) 8... a5 9. Ba3 Bxa3 10. Nxa3 Nf7 11. Nc2 g5 12. b4 g4 13. Nd2 $36 {[%mdl 2048] White has good play.} Rg8 (13... axb4 $14 14. cxd5 (14. Nxb4 O-O $14) 14... exd5) 14. f4 gxf3 15. Nxf3 axb4 16. Nxb4 Nd6 17. Qe2 Qh6 18. a5 Nf6 19. Ne5 Nf7 20. Nxf7 $1 Kxf7 21. g3 (21. Rf3 $16) 21... Qf8 22. c5 h5 23. Rf4 Qh6 {Black wants to play ...h4.} 24. Kh1 Rg4 {With the idea ...h4.} 25. Qf2 h4 $1 {[%cal Rh4g3]} 26. Rxg4 Nxg4 27. Qf4 hxg3 {[%csl Gg3,Gg4][%cal Rh6h2]} 28. Qxh6 Nxh6 29. h3 e5 {[%cal Be6e5,Be5e4][%mdl 32]} 30. Kg2 Kf6 31. Kxg3 {[#]} f4+ $1 {[%mdl 512]} 32. Kf2 $2 ({White should try} 32. Kf3 $1 $15) (32. exf4 e4) 32... e4 $19 (32... Bxh3 33. dxe5+ Kg5 34. Rh1 Ng4+ 35. Kg1 $11) 33. Bf1 Nf5 34. Nc2 fxe3+ 35. Ke2 (35. Kg2 $142) 35... Be6 36. Ra4 Rg8 {aiming for ...Ng3+.} (36... Ng3+ 37. Ke1 $19) 37. Nxe3 Nxe3 38. Kxe3 {[%mdl 4096] Endgame KRB-KRB} Rg3+ 39. Ke2 (39. Kf2 {was the only defense.} Rf3+ 40. Ke2) 39... Rb3 (39... Bxh3 $2 40. Bxh3 Rxh3 41. Rb4 $17) 40. a6 bxa6 41. Rxa6 {[#]} Bd7 $1 ({Weaker is} 41... Bxh3 42. Bxh3 (42. Rxc6+ Kf5 43. Bxh3+ Rxh3 $11) 42... Rxh3 43. Rxc6+ Kf5 44. Rd6 Rh2+ 45. Ke3 Rh3+ 46. Ke2 Rh2+ 47. Ke3 Rh3+ 48. Ke2 $11) 42. Kd2 {[#]} Kg5 $1 43. Be2 Kf4 (43... Rxh3 $2 44. Ra1 $19) 44. Bg4 $2 (44. Rb6 $19 Ra3 45. Rb7) 44... Bxg4 45. hxg4 e3+ 46. Kc2 {[#]} e2 $1 {[%mdl 512]} ({Not} 46... Kxg4 $2 47. Kxb3 Kg3 48. Rxc6 Kg2 49. Re6 Kf2 50. c6 e2 51. c7) 47. Ra1 Rf3 0-1

[Event "BL 2016-17"]
[Site "Germany"]
[Date "2017.03.19"]
[Round "10"]
[White "Bluebaum, Matthias"]
[Black "Meskovs, Nikita"]
[Result "1-0"]
[WhiteElo "2626"]
[BlackElo "2490"]
[Annotator "TA"]
[PlyCount "69"]
[EventDate "2017.??.??"]
[EventType "team-tourn"]
[EventCountry "GER"]
[SourceTitle "playchess.com"]
[Source "ChessBase"]
[SourceQuality "1"]
[WhiteTeam "Werder Bremen"]
[BlackTeam "Speyer-Schwegenheim"]

{[%evp 21,69,0,12,0,9,0,8,5,25,18,37,36,87,46,105,81,89,98,112,77,153,164,150,165,145,137,184,183,236,235,221,229,200,156,157,99,175,170,179,181,370,305,410,408,382,387,412,388,1149,1142]} 1. d4 Nf6 2. c4 e6 3. Nf3 b6 4. g3 Ba6 5. b3 Bb4+ 6. Bd2 Be7 7. Nc3 d5 8. cxd5 exd5 9. Bg2 O-O 10. O-O Re8 11. Rc1 {E15: Queen's Indian: 4 g3 sidelines, 4 g3 Ba6 and 4 g3 Bb7 early deviations} Nbd7 {LiveBook: 9 Games} 12. Rc2 $146 (12. Ne5 Bb7 13. Bf4 Nf8 14. Qd3 Ne6 15. Rfd1 c6 {½-½ (28) Gelfand,B (2753)-Leko,P (2740) Tromsoe 2014}) 12... Nf8 13. Ne5 {The position is equal.} Bb7 14. Bc1 Ne6 15. Bb2 a6 16. e3 Ra7 (16... c6 $14) 17. Na4 c5 ({Better is} 17... Bd6 $14) 18. dxc5 bxc5 19. Nd3 {[%cal Ra4c5]} Nd7 20. Ba3 {[%cal Ra4c5]} Qa5 {[#]} (20... d4 $142) 21. Bxc5 $1 $16 {[%mdl 512]} Ndxc5 22. Naxc5 Nxc5 23. b4 Qa3 24. bxc5 Rc8 {[#]} (24... Ba8 $142 25. Nf4 (25. c6 Qd6 $16) 25... Rc7 26. Nxd5 (26. Bxd5 Rxc5 27. Bxa8 Rxa8 $16) 26... Bxd5) 25. Qd2 $1 $18 Ba8 26. Rb1 Rac7 27. Rb3 Qa4 28. Qb4 (28. Nf4 $142) 28... Qe8 (28... Qxb4 $16 29. Rxb4 Bc6) 29. Qa5 $36 {[%mdl 2048] White is really pushing.} Bc6 30. Bh3 d4 $2 (30... Bd7) 31. exd4 Bf6 32. Ne5 (32. Qxa6 Qe4 33. f3 Bxd4+ 34. Kf1 Qxf3+ 35. Nf2 Qd5 $15) 32... Bxe5 33. Re2 ({Less strong is} 33. dxe5 Qxe5 34. Qd2 f5 $16) ({Much less strong is} 33. Bxc8 Rxc8 34. dxe5 Qxe5 $18) 33... Qd8 34. Rxe5 Qxd4 $2 {[#]} (34... g6 35. Bxc8 Qxd4) 35. Qxc7 $1 {[%mdl 512]} 1-0

[Event "BL 2016-17"]
[Site "Germany"]
[Date "2017.03.19"]
[Round "10"]
[White "Edouard, Romain"]
[Black "Shytaj, Luca"]
[Result "1-0"]
[WhiteElo "2626"]
[BlackElo "2451"]
[Annotator "TA"]
[PlyCount "87"]
[EventDate "2017.??.??"]
[EventType "team-tourn"]
[EventCountry "GER"]
[SourceTitle "playchess.com"]
[Source "ChessBase"]
[SourceQuality "1"]
[WhiteTeam "Werder Bremen"]
[BlackTeam "Speyer-Schwegenheim"]

{[%evp 12,87,117,76,62,66,72,71,114,112,120,85,116,110,135,122,110,102,110,108,102,86,92,83,97,85,111,82,145,80,119,83,125,113,155,161,212,176,221,220,226,227,263,259,252,239,262,258,268,259,262,235,230,252,595,596,589,585,543,522,622,606,1025,559,519,297,306,143,198,185,306,306,298,299,565,318,1841,1214]} 1. c4 b6 2. d4 e6 3. e4 {[%cal Be2e4,Be4f5][%mdl 32]} Bb7 4. Bd3 Bb4+ 5. Kf1 f5 6. exf5 Nf6 {[#]} 7. c5 $1 {[%mdl 512]} bxc5 {A40: Unusual replies to 1 d4} 8. a3 c4 $1 {[%cal Rc4d3]} (8... Ba5 $6 9. dxc5 c6 10. Nf3 $16) 9. Bxc4 ({Much weaker is} 9. axb4 $6 cxd3 10. Nc3 (10. Qxd3 Be4 11. Qg3 Nc6 $15) 10... Nc6 11. fxe6 (11. Qxd3 Nxb4 12. Qb5 Rb8 $17) 11... dxe6 12. Qxd3 O-O $15) 9... Be7 {White is better.} (9... Ba5 10. fxe6 dxe6 11. Qa4+ c6 12. Nf3 Bb6 13. Be3 Nd5 14. Bg5 Qc7 15. Nc3 O-O 16. Re1 Nxc3 17. bxc3 c5 18. Rxe6 Kh8 19. Re7 Qc8 20. d5 Bd8 21. Re8 Nd7 22. Qxd7 {1-0 (22) Bacrot,E (2695)-Edouard,R (2626) chess.com INT 2017}) 10. fxe6 dxe6 11. Nf3 $146 (11. Bxe6 Qd6 12. Bb3 Nc6 13. Be3 O-O-O 14. Nf3 Rhf8 15. h3 {0-1 (45) Galeev,I (1894)-Vorobiov,N (1994) Khanty-Mansiysk 2013}) 11... Bd5 12. Qe2 Nc6 13. Bxd5 Qxd5 14. Nc3 Qd7 15. Bg5 ({But not} 15. Ne5 $6 Nxe5 16. dxe5 Nd5 $14) 15... O-O 16. Rd1 Nd5 17. Bxe7 Ncxe7 18. Ne5 $36 {[%mdl 2048] White has strong initiative.} Qc8 19. Nxd5 Nxd5 ({Black should try} 19... exd5 20. Kg1 Qe6) 20. Nd3 (20. g3 $142) 20... Rb8 21. h4 {[%cal Bh2h4,Bh4h5][%mdl 32]} Qa6 22. h5 Rf6 23. Rh4 {[%cal Bh1h4,Bh4e4,Be4e5][%mdl 32]} Rb3 (23... Qd6 $142 24. Kg1 Rbf8) 24. Rd2 Qc4 25. Re4 Rb6 26. g3 a5 27. Rc2 Qb5 28. Nc5 Qe8 29. Re5 Qf7 30. Qe4 Rf5 31. Re2 Qxh5 32. Rxe6 Nf6 $2 (32... Rf8 {is more resistant.} 33. Kg1 Nf6) 33. Qa8+ $18 Kf7 34. Rxb6 cxb6 35. Ne6 {Qf8+ would kill now.} Qh3+ 36. Ke1 {Threatening mate with Qf8+.} Qh6 {[%cal Rh6c1]} 37. Qc6 Rd5 38. Qc7+ Rd7 {[#]} 39. Qc2 (39. Qc4 $1 $18 {and the rest is easy. Ng5+ is the strong threat.} Qh1+ 40. Kd2) 39... Qh1+ $16 40. Kd2 {White wants to mate with Ng5+.} Qd5 {[#]} (40... h6 $142 41. Qc4 Qd5) 41. Qc8 $1 $18 {[%cal Rc8f8] And now Qf8+ would win.} Qb5 42. Ke1 h6 $2 (42... Qf5 43. Kf1 Qh3+ 44. Kg1 Qxe6 45. Rxe6 Kxe6) 43. Qh8 Nh5 $2 (43... Qxe2+ 44. Kxe2 Kxe6) 44. Ng5+ 1-0